[Event "Rheinland Pfalz op Seniors 14th"]
[Site "Neustadt an der Weinstrasse"]
[Date "2016.07.23"]
[Round "8"]
[White "Gebuhr, Guenter"]
[Black "Prachar, Josef"]
[Result "1/2-1/2"]
[WhiteElo "1968"]
[BlackElo "1930"]
[PlyCount "52"]
[EventDate "2016.07.16"]
[EventType "swiss"]
[EventRounds "9"]
[EventCountry "GER"]
[SourceTitle "EXT 2019"]
[Source "ChessBase"]
[SourceDate "2018.10.10"]
[SourceVersion "1"]
[SourceVersionDate "2018.10.10"]
[SourceQuality "1"]

1. e4 c5 2. Nf3 Nc6 3. d4 cxd4 4. Nxd4 Nf6 5. Nc3 d6 6. Bg5 e6 7. f4 h6 8. Bh4 Be7 9. Be2 a6 10. Nf3 b5 11. e5 dxe5 12. Qxd8+ Bxd8 13. fxe5 Nd7 14. Bxd8 Kxd8 15. 0-0-0 Ke7 16. Rhe1 Bb7 17. g3 Rhd8 18. Bf1 Rac8 19. a3 b4 20. axb4 Nxb4 21. Nd4 Nc5 22. Kb1 Rd7 23. Nce2 Rcd8 24. Kc1 Na2+ 25. Kb1 Nb4 26. Kc1 Na2+ 1/2-1/2

[Event "Rheinland Pfalz op Seniors 14th"]
[Site "Neustadt an der Weinstrasse"]
[Date "2016.07.21"]
[Round "6"]
[White "Gebuhr, Guenter"]
[Black "Hottes, Dieter"]
[Result "1/2-1/2"]
[WhiteElo "1968"]
[BlackElo "2126"]
[PlyCount "91"]
[EventDate "2016.07.16"]
[EventType "swiss"]
[EventRounds "9"]
[EventCountry "GER"]
[SourceTitle "EXT 2019"]
[Source "ChessBase"]
[SourceDate "2018.10.10"]
[SourceVersion "1"]
[SourceVersionDate "2018.10.10"]
[SourceQuality "1"]

1. e4 e6 2. d4 b6 3. Nc3 Bb7 4. Bd3 Bb4 5. a3 Bxc3+ 6. bxc3 Nf6 7. Qe2 d5 8. Bg5 h6 9. Bxf6 Qxf6 10. e5 Qe7 11. f4 c5 12. Bb5+ Kf8 13. dxc5 Qxc5 14. Nf3 g6 15. Nd2 Kg7 16. Nb3 Qxc3+ 17. Kf2 Rc8 18. Rac1 a6 19. Bd3 Nd7 20. h4 Nc5 21. h5 Nxd3+ 22. Qxd3 Rc4 23. Qxc3 Rxc3 24. hxg6 Kxg6 25. Rh3 Rac8 26. Rxc3 Rxc3 27. g4 Rc4 28. Kg3 d4 29. Rd1 Rxc2 30. Nxd4 Rc3+ 31. Kh4 Kg7 32. f5 Bg2 33. g5 Bd5 34. gxh6+ Kxh6 35. fxe6 fxe6 36. Nxe6 Rc4+ 37. Kg3 Rc3+ 38. Kf2 Rc2+ 39. Ke1 Bc4 40. Rd6 Re2+ 41. Kd1 Rxe5 42. Nc7+ Kg5 43. Rxb6 a5 44. Kd2 a4 45. Rb4 Rc5 46. Na8 1/2-1/2

[Event "GER-chB Seniors 27th"]
[Site "Magdeburg"]
[Date "2015.08.15"]
[Round "1"]
[White "Gebuhr, Guenter"]
[Black "Gismann, Juergen"]
[Result "1-0"]
[WhiteElo "1960"]
[BlackElo "1751"]
[PlyCount "99"]
[EventDate "2015.08.15"]
[EventType "swiss"]
[EventRounds "9"]
[EventCountry "GER"]
[SourceTitle "EXT 2018"]
[Source "ChessBase"]
[SourceDate "2017.10.13"]
[SourceVersion "1"]
[SourceVersionDate "2017.10.13"]
[SourceQuality "1"]

1. e4 d6 2. d4 Nf6 3. Nc3 g6 4. Nf3 Bg7 5. Be2 c6 6. 0-0 0-0 7. a4 a5 8. Bf4 Nh5 9. Be3 Na6 10. Qd2 Nc7 11. Ng5 Nf6 12. f4 Ng4 13. Bxg4 Bxg4 14. h3 Bd7 15. e5 d5 16. g4 f5 17. exf6 exf6 18. Nf3 Ne8 19. Bf2 Nd6 20. Rae1 Re8 21. Qd3 Qb6 22. b3 Rxe1 23. Rxe1 Re8 24. Rxe8+ Nxe8 25. Kh2 Qd8 26. Qe3 Nd6 27. Bh4 Qf8 28. Bg3 Nf7 29. g5 fxg5 30. fxg5 Qc8 31. h4 Bf5 32. Qf2 Qd7 33. Ne5 Qe7 34. Nxf7 Qxf7 35. Nd1 Qe6 36. c3 Bf8 37. Ne3 Bd3 38. Qf4 Qe7 39. Qe5 Qf7 40. Ng4 Bg7 41. Qb8+ Qf8 42. Qxb7 Qe8 43. Be5 Bxe5+ 44. dxe5 Qe6 45. Nf6+ Kf8 46. Nxh7+ Kg8 47. Nf6+ Kf8 48. Qb8+ Kf7 49. Qg8+ Ke7 50. Qe8# 1-0

[Event "MVP-ch Seniors op 14th"]
[Site "Binz"]
[Date "2014.11.28"]
[Round "4"]
[White "Gebuhr, Guenter"]
[Black "Bondick, Karl Heinz"]
[Result "1/2-1/2"]
[WhiteElo "1782"]
[BlackElo "1992"]
[PlyCount "31"]
[EventDate "2014.11.25"]
[EventType "swiss"]
[EventRounds "9"]
[EventCountry "GER"]
[SourceTitle "EXT 2016"]
[Source "ChessBase"]
[SourceDate "2015.10.08"]
[SourceVersion "1"]
[SourceVersionDate "2015.10.08"]
[SourceQuality "1"]

1. e4 e5 2. Nf3 f5 3. Nxe5 Nc6 4. Nxc6 dxc6 5. Nc3 Nf6 6. e5 Ng4 7. d4 c5 8. h3 cxd4 9. hxg4 dxc3 10. Qxd8+ Kxd8 11. Bg5+ Be7 12. 0-0-0+ Ke8 13. Bxe7 cxb2+ 14. Kxb2 Kxe7 15. gxf5 Bxf5 16. Bd3 1/2-1/2